Státní bytová politika a nový zákon
Aktuálna situácia v štátnej bytovej politike. Nový zákon o vlastníctve bytov platný od 1. mája. Stručná charakteristika zákona. Družstevné byty. Pozemky.
Gespeichert in:
| 1. Verfasser: | |
|---|---|
| Format: | Buchkapitel |
| Sprache: | Tschechisch |
| Schlagworte: | |
| Tags: |
Keine Tags, Fügen Sie das erste Tag hinzu!
|
MARC
| LEADER | 00000naa a2200000 4500 | ||
|---|---|---|---|
| 001 | r015356 | ||
| 005 | 20221205090037.1 | ||
| 041 | 0 | |a cze | |
| 044 | |a CZ | ||
| 245 | 1 | 0 | |a Státní bytová politika a nový zákon |c L. Lukavská |
| 520 | |a Aktuálna situácia v štátnej bytovej politike. Nový zákon o vlastníctve bytov platný od 1. mája. Stručná charakteristika zákona. Družstevné byty. Pozemky. | ||
| 610 | 2 | 0 | |a politika bytová |
| 610 | 2 | 0 | |a byty |
| 610 | 2 | 0 | |a pozemky |
| 610 | 2 | 0 | |a zákony |
| 610 | 2 | 0 | |a Česko |
| 610 | 2 | 0 | |a 1994 |
| 100 | 1 | |a Lukavská, L. | |